00802 2200289 4500001002100000005001500021035002000036007000300056008004100059020001800100082000800118084001400126084001600140100002900156245007100185250001200256300003900268650001100307700002900318600001300347264005200360336002100412337003000433338002300463990001300486990001300499INLIS00000000112199520260123011829 a0010-0126000094ta260123 0 ind  a9786231538505 a650 aSTSI 4408 aD STSI 44080 aZaenal ArifinePengarang1 aE-Bisnis :b1-9 / STSI4408 / 3 SKS /cZaenal Arifin, Lina Aviyanti aEdisi 1 a357 halaman :billustrasi ;c27 cm 4aBisnis0 aLina AviyantiePengarang 4aBusiness aTangerang Selatan :bUniversitas Terbuka,c2025 2rdacontentaTeks 2rdamediaaTanpa Perantara 2rdacarrieraVolume a26/30062 a26/90062